American History #1 - Statistics

General Stats
  • This quiz has been taken 47 times
  • The average score is 16 of 20
Answer Stats
Hint Answer % Correct
6) Tall president born in a log cabin in rural Kentucky Abraham Lincoln
100%
1) President and general who led hisarmy across the frigid Delaware River George Washington
98%
19) Civil Rights activist who gave his I Have A Dream speechduring the March on Washington Martin Luther King
95%
3) President who wrote the Declaration ofIndependence Thomas Jefferson
95%
18) His involvement in the Watergate tapes was one of the mostinfamous political scandals in history Richard Nixon
93%
17) Instrumental in creating the New Deal and served 4 terms as president Franklin Roosevelt
91%
15) Automaker and pioneer of the moving assembly line forcars and model T Henry Ford
88%
9) Well known actor who assassinated Lincoln in a crowdedFords Theater John Wilkes Booth
88%
12) Rough Rider, president and pioneer of the Panama Canal Theodore Roosevelt
88%
14) Most well known for patenting the incandescent lightbulbfor commercial use Thomas Edison
88%
4) Treasury Secretary who was killed in a duelwith rival Aaron Burr Alexander Hamilton
86%
16) Infamous Chicago mob boss during the Prohibition Era Al Capone
84%
2) Founding Father who established the University of Pennsylvania Benjamin Franklin
84%
10) Civil War winning general and later president Ulysses Grant
84%
20) UNC grad known as one of basketballs greatest players Michael Jordan
79%
13) His famous works include Huckleberry Finn and A CTYankee in King Arthurs Court Mark Twain
74%
5) Revolutionary general who betrayed the USby defecting to the British side Benedict Arnold
63%
7) Shoshone native who led Lewis and Clark in theirexpedition to the Pacific Sacagawea
58%
11) Military leader and frontiersman remembered for hisheroic death at the battle of the Alamo Davy Crockett
53%
8) Secretary of the State instrumental in the US purchaseof Alaska from Russia in 1867 William Seward
23%
No matching quizzes found
Score Distribution
Percent of People with Each Score
Percentile by Number Answered
Your Score History
You have not taken this quiz